000 01373cam a2200385 i 4500
999 _c40733
_d40733
001 17809083
003 OSt
005 20200606120137.0
008 130620s2013 ii 000 0dhino
010 _a 2013333020
020 _a9788173097157
025 _aI-H-2013-333020; 13
035 _a(IN-NdSP) 2013333020
037 _bLibrary of Congress -- New Delhi Overseas Office
040 _aDLC
_beng
_cMESKC library
_erda
_dDLC
042 _alcode
_apcc
043 _aa-ii---
050 0 0 _aPK2038
_b.G29 2013
082 _a891.43
_bGAR/K
100 1 _aGarg, Mridula,
_d1938-
_eauthor.
_954
245 1 0 _aKr̥ti aura kr̥tikāra /
_cMr̥dulā Garga = Kriti aur kritikar / by Mridula Garg.
246 3 1 _aKriti aur kritikar
264 1 _aNaī Dillī :
_bSastā Sāhitya Maṇḍala Prakāśana,
_c2013.
300 _a123 pages ;
_c22 cm
336 _atext
_2rdacontent
337 _aunmediated
_2rdamedia
338 _avolume
_2rdacarrier
520 _aMemoirs of the Hindi authoress of her friends and associates and their works.
546 _aIn Hindi.
600 1 0 _aGarg, Mridula,
_d1938-
_xFriends and associates.
650 0 _aHindi literature
_y20th century
_xHistory and criticism.
906 _a7
_bcbc
_corigode
_d3
_encip
_f20
_gy-gencatlg
942 _2ddc
_cBK
_h891.43
_iGAR/K
_k891.43
_mGAR/K